Empirická analýza výnosových kriviek bakalárska práca

Enregistré dans:
Détails bibliographiques
Auteur principal: Grosman, Martin
Collectivité auteur: Národohospodárska fakulta EU. Katedra bankovníctva a medzinárodných financií
Autres auteurs: Vateha, Marko Dávid, 1996-
Format: Livre
Langue:slovaque
Publié: Bratislava 2025
Tags: Ajouter un tag
Pas de tags, Soyez le premier à ajouter un tag!

MARC

LEADER 00000nbm a2200000 4500
001 0309244
005 20251003142403.9
041 0 |a slo 
044 |a SK 
245 1 0 |a Empirická analýza výnosových kriviek  |b bakalárska práca  |c Martin Grosman ; školiteľ: Marko Dávid Vateha 
264 1 |a Bratislava  |c 2025 
300 |a 46 s. 
100 1 |a Grosman, Martin 
700 1 |a Vateha, Marko Dávid, 1996- 
710 2 |a Národohospodárska fakulta EU. Katedra bankovníctva a medzinárodných financií